000 00848nam a2200229Ia 4500
003 GCL
008 140319s9999 xx 000 0 ara d
040 _aGCL /
_cGCL
082 0 4 _a658.4052
_bك ق
100 1 _aكينيدى، جيفين
245 1 0 _aقمة التفاوض لعقد الصفقات الرابحة 00 والعلاقات الناجحة /
_cكينيدى، جيفين
700 1 _aاميرة نبيل
260 _aالقاهرة :
_bمركز الخبرات المهنية للادارة بميك ،
_c2001
300 _a405 ص ؛
_c24 سم
490 _aسلسلة اصدارات بميك
_v19
650 0 4 _aادارة الاعمال
650 0 4 _aالقيادة الادارية
650 0 4 _aالمفاوضات
650 0 4 _aالمناقشات
650 0 4 _aالمفاوضات - تنظيم وادارة
942 _2ddc
_cBK
999 _c5420
_d5420